15 Jugadores con más partidos en la historia de LaLiga - Estadísticas

Estadísticas generales
  • Esta prueba ha sido intentada 2.455 veces
  • La puntuación promedio es 6 de 15
Estadísticas de respuestas
Partidos Jugador % Correcto
520 Lionel Messi
95%
505 Xavi Hernández
76%
510 Iker Casillas
75%
536 Sergio Ramos
70%
550 Raúl González
67%
622 Joaquín Sanchez
46%
622 Andoni Zubizarreta
40%
516 Jesús Navas
23%
543 Antoine Griezmann
21%
609 Raúl García
18%
523 Manolo Sanchís
13%
536 Dani Parejo
10%
542 Paco Buyo
10%
543 Eusebio Sacristán
4%
504 Miquel Soler
3%
No se encontraron pruebas coincidentes
Distribución de puntuación
Porcentaje de gente con cada puntuación
Porcentaje por número respondido
Historial de tus puntuaciones
No has intentado esta prueba.